ბათუმის შოთა რუსთაველის სახელმწიფო უნივერსიტეტის ბიბლიოთეკა

Оборудование нефтеперерабатывающих заводов и его экспуалатация. (ბიბ.ჩანაწერი № 37128)

000 -LEADER
fixed length control field 00830nam a2200229Ia 4500
001 - CONTROL NUMBER
control field 3084
003 - CONTROL NUMBER IDENTIFIER
control field GE_BSU
008 - FIXED-LENGTH DATA ELEMENTS--GENERAL INFORMATION
fixed length control field 181216s||||||||xx |||||||||||||| ||und||
040 ## - CATALOGING SOURCE
Transcribing agency GE_BSU
080 ## - UNIVERSAL DECIMAL CLASSIFICATION NUMBER
Universal Decimal Classification number 665.63(075.32)
100 ## - MAIN ENTRY--PERSONAL NAME
Personal name Фарамазов,С.А.
245 ## - TITLE STATEMENT
Title Оборудование нефтеперерабатывающих заводов и его экспуалатация.
245 ## - TITLE STATEMENT
Remainder of title Учебное пособие для техникумов.
245 ## - TITLE STATEMENT
Statement of responsibility, etc. Ред. Р.Е.Миневич.
250 ## - EDITION STATEMENT
Edition statement Изд 2-ое, перераб. и доп.
260 ## - PUBLICATION, DISTRIBUTION, ETC.
Place of publication, distribution, etc. М.
260 ## - PUBLICATION, DISTRIBUTION, ETC.
Name of publisher, distributor, etc. Химия.
260 ## - PUBLICATION, DISTRIBUTION, ETC.
Date of publication, distribution, etc. 1984.
300 ## - PHYSICAL DESCRIPTION
Extent 328 стр. с илл. 22 см.
653 ## - INDEX TERM--UNCONTROLLED
Uncontrolled term Оборудование нефтеперерабатывающих заводов и его экспуалатация.
942 ## - ADDED ENTRY ELEMENTS (KOHA)
Koha item type წიგნი
ეგზემპლარები
Withdrawn status Lost status Damaged status Not for loan Date acquired Barcode Date last seen Price effective from Koha item type
        2018-12-17 9440 2018-12-17 2018-12-17 წიგნი
        2018-12-17 9441 2018-12-17 2018-12-17 წიგნი
        2018-12-17 9389 2018-12-17 2018-12-17 წიგნი